[Event "34th Olympiad"]
[Site "Istanbul TUR"]
[Date "2000.10.30"]
[Round "3"]
[White "Grigoryan,K"]
[Black "Dizdarevic,E"]
[Result "1/2-1/2"]
[WhiteElo "2399"]
[BlackElo "2527"]

1.d4 d6 2.e4 Nf6 3.Nc3 c6 4.Nf3 Bg4 5.Be2 e6 6.Be3 d5 7.e5 Bxf3 8.Bxf3 Nfd7
9.Ne2 Na6 10.O-O f6 11.Nf4 Nc7 12.Bg4 Qe7 13.exf6 Qxf6 14.Re1 O-O-O 15.Nh3 Re8
16.Bf4 g6 17.Qd2 Nb5 18.Rxe6 Rxe6 19.Bxe6 Nxd4 20.Bxd7+ Kxd7 21.Re1 Bd6 22.Bxd6 Kxd6
23.Qb4+ c5 24.Qxb7 Nc6 25.Qb3 c4 26.Qg3+ Kc5 27.c3 Qf5 28.Nf4 Re8 29.Rd1 Re5
30.h4 Qe4 31.b4+ Kb5 32.Kh2 Rf5 33.Nh3 a5 34.Qc7 d4 35.bxa5 Qe5+ 36.Qxe5+ Rxe5
37.cxd4 Rd5 38.Nf4 Rxd4 39.Rb1+ Kxa5 40.Kg3 Rd2 41.Rc1 Kb4 42.Kf3 c3 43.Ke3 Ne5
44.Ke4 Nd7 45.Nd5+ Ka5 46.Rxc3 Rxf2 47.g3 Re2+ 48.Kf4 Rd2 49.Ra3+ Kb5 50.Nc3+ Kb4
51.Rb3+ Kc4 52.Ne4 Re2 53.Ng5 Nf6 54.Ra3 Rf2+ 55.Ke5 h6 56.Nf3 Ng4+ 57.Ke6 Kb4
58.Rb3+ Ka4 59.Rd3 Ka5 60.a3 Rg2 61.Nd4 Rg1 62.Rb3 Rf1 63.Ke7 g5 64.hxg5 hxg5
65.Nf3 Nh6 66.Nxg5 Ka4 67.Rd3 Nf5+ 68.Ke6 Nxg3 69.Rxg3 Ra1 70.Kd5 Rxa3 71.Rg4+ Kb3
72.Ne4 Ra8 73.Nc5+ Kc3 74.Rg3+ Kd2 75.Ne4+ Ke2 76.Rg2+ Ke3 77.Rg3+ Kf4 78.Rg1 Rd8+
79.Nd6 Ke3 80.Ke5 Kf3 81.Ra1 Rb8 82.Ra3+ Ke2 83.Kf4 Rf8+ 84.Ke4 Rd8 85.Ra2+ Kd1
86.Nf5 Re8+ 87.Kd3 Rd8+ 88.Nd4 Ke1 89.Rb2 Kf1 90.Ke3 Re8+ 91.Kf4 Rf8+ 92.Nf5 Ke1
93.Ke3 Re8+  1/2-1/2

[Event "34th Olympiad"]
[Site "Istanbul TUR"]
[Date "2000.10.30"]
[Round "3"]
[White "Belli,M"]
[Black "Mossong,H"]
[Result "1-0"]
[WhiteElo "2393"]
[BlackElo "2213"]

1.d4 d6 2.e4 Nf6 3.Nc3 c6 4.f4 Qa5 5.Bd3 e5 6.Nf3 Bg4 7.dxe5 dxe5 8.f5 Nbd7
9.Bd2 Qc7 10.h3 Bxf3 11.Qxf3 Be7 12.g4 O-O-O 13.O-O-O Kb8 14.Kb1 b5 15.g5 Ne8
16.Bxb5 Nb6 17.Ba6 f6 18.h4 Bc5 19.Be3 Rxd1+ 20.Rxd1 Bb4 21.Ne2 Qe7 22.Nc1 Nc7
23.Bf1 Ka8 24.Nb3 Rb8 25.Qf2 Rd8 26.Rd3 Rxd3 27.Bxd3 Nc8 28.a3 Bd6 29.Qd2 Nb5
30.Na5 Qd7 31.Bxb5 cxb5 32.Qd5+ Kb8 33.Nc6+ Kc7 34.Nxa7 Nxa7 35.Bxa7 Be7  1-0

[Event "34th Olympiad Women"]
[Site "Istanbul TUR"]
[Date "2000.10.30"]
[Round "3"]
[White "Lim Jean Nie"]
[Black "Ratcu,T"]
[Result "0-1"]
[WhiteElo "2168"]
[BlackElo "2240"]

1.e4 d6 2.d4 Nf6 3.Nc3 c6 4.Nf3 Qa5 5.Bd3 e5 6.h3 g6 7.dxe5 dxe5 8.O-O Bg7
9.a3 O-O 10.b4 Qc7 11.Rb1 a6 12.Na4 Nbd7 13.Be3 Rd8 14.Qe2 b5 15.Nc5 Nxc5
16.Bxc5 Nd7 17.Be3 Nf8 18.Bc5 Ne6 19.Qe3 Nxc5 20.Qxc5 f6 21.Qe3 a5 22.Be2 Be6
23.Rfc1 axb4 24.axb4 Bf8 25.c4 Qb7 26.c5 Ra2 27.Rd1 Rxd1+ 28.Bxd1 Qf7 29.Bb3 Bxb3
30.Rxb3 Qc4 31.Nd2 Rxd2 32.Qxd2 Qxb3 33.Qd7 Qxb4 34.Qe6+ Kg7 35.Qd7+ Kh6
36.Qxc6 Qxc5 37.Qxf6 Qc1+  0-1

[Event "Gp A"]
[Site "Cap d'Agde FRA"]
[Date "2000.10.31"]
[Round "6"]
[White "Benjamin,Joe"]
[Black "Hamdouchi,H"]
[Result "1/2-1/2"]
[WhiteElo "2577"]
[BlackElo "2541"]

1.e4 d6 2.d4 Nf6 3.Nc3 e5 4.Nge2 Nc6 5.f3 g6 6.Be3 Bg7 7.Qd2 a6 8.O-O-O h5
9.Kb1 Bd7 10.d5 Na5 11.Nc1 b5 12.b3 Nb7 13.Nd3 Kf8 14.Be2 Qe8 15.Rhf1 Kg8
16.h3 h4 17.f4 exf4 18.Rxf4 g5 19.Rxf6 Bxf6 20.Bxg5 Bg7 21.Rf1 b4 22.Nd1 Nc5
23.Nxc5 Qe5 24.Bf6 Bxf6 25.Rxf6 dxc5 26.Rf4 a5  1/2-1/2

[Event "34th Olympiad Women"]
[Site "Istanbul TUR"]
[Date "2000.10.31"]
[Round "4"]
[White "Dhar,S"]
[Black "Sheremetieva,M"]
[Result "0-1"]
[WhiteElo "2212"]
[BlackElo "2340"]

1.e4 d6 2.d4 Nf6 3.Nc3 c6 4.a4 Na6 5.Nf3 Nb4 6.Be2 d5 7.exd5 Nbxd5 8.O-O Nxc3
9.bxc3 e6 10.Ba3 Bxa3 11.Rxa3 O-O 12.Bd3 c5 13.Ne5 Qe7 14.Qf3 cxd4 15.cxd4 Bd7
16.Rb3 b6 17.a5 Ba4 18.Rbb1 Qd6 19.axb6 axb6 20.c3 Rab8 21.Qh3 Rfc8 22.Rfe1 Be8
23.Re3 g6 24.Qh4 Kg7 25.Rh3 Rxc3 26.Qh6+ Kg8 27.Qg5 Nd5 28.Ng4 Qf4 29.Qh4 h5
30.Ne5 Qxh4 31.Rxh4 f6 32.Bxg6 fxe5 33.Bxe8 Rxe8 34.dxe5 Rec8 35.g3 Rc1+
36.Rxc1 Rxc1+ 37.Kg2 b5 38.Rxh5 b4 39.Rg5+ Kf7 40.Rh5 Rc7 41.Rh8 Rc6  0-1

[Event "4th OIBM"]
[Site "Bad Wiessee GER"]
[Date "2000.11.01"]
[Round "5"]
[White "Kritz,L"]
[Black "Hornung,H"]
[Result "1-0"]
[WhiteElo "2424"]
[BlackElo "2205"]

1.e4 d6 2.d4 Nf6 3.Nc3 c6 4.Be3 Ng4 5.Bg5 Qa5 6.Qd2 e5 7.Nf3 Qc7 8.O-O-O Be7
9.Bxe7 Qxe7 10.h3 Nf6 11.dxe5 dxe5 12.Nxe5 O-O 13.f4 b5 14.Bd3 a5 15.g4 a4
16.Kb1 b4 17.Ne2 b3 18.cxb3 axb3 19.a3 Ba6 20.Ng3 Bb5 21.g5 Ne8 22.Nf5 Qb7
23.Qc3 Ra4 24.Rhe1 Na6 25.Bxb5 cxb5 26.Nd7  1-0

[Event "34th Olympiad Women"]
[Site "Istanbul TUR"]
[Date "2000.11.01"]
[Round "5"]
[White "Sziva,E"]
[Black "Sheremetieva,M"]
[Result "1/2-1/2"]
[WhiteElo "2311"]
[BlackElo "2340"]

1.e4 d6 2.d4 Nf6 3.Nc3 e5 4.Nf3 Nbd7 5.Bc4 Be7 6.O-O O-O 7.a4 c6 8.Ba2 exd4
9.Nxd4 Nc5 10.Re1 a5 11.h3 Be6 12.Bf4 Bxa2 13.Nf5 d5 14.Nxe7+ Qxe7 15.exd5 Qd7
16.Rxa2 Nxd5 17.Nxd5 cxd5 18.Be3 Rac8 19.c3 f5 20.Bd4 f4 21.f3 Ne6 22.Bf2 Rf5
23.Qe2 Rf6 24.Qb5 Qc6 25.Rd1 Rf5 26.Qxa5 Ng5 27.Qb6 Qd7 28.Kh2 Rc6 29.Qb5 Qf7
30.Bd4 Rh6 31.Qf1 Qd7 32.Bf2 Re5 33.b4 Qc6 34.Rd3 Qc4 35.Rad2 Rxh3+ 36.gxh3 Nxf3+
37.Rxf3 Qxf1 38.Rxf4 Qc1 39.Rfd4 Qxc3 40.b5 Qf3 41.R4d3 Qf7 42.a5 Rg5 43.Bg3 Qd7
44.Rb3 Rh5 45.h4 Qd8 46.a6 Rxh4+ 47.Kg2 Rg4 48.axb7 Qb6 49.Kh3 Rxg3+ 50.Kxg3 Qxb7
51.b6 Qb8+ 52.Kg2 Qb7 53.Rd4 Qc6 54.Rbb4 Qc2+ 55.Kg3 Qg6+ 56.Kf3 Qf7+ 57.Kg3 Qg6+
58.Kf3 Qf7+ 59.Kg3  1/2-1/2

[Event "34th Olympiad"]
[Site "Istanbul TUR"]
[Date "2000.11.01"]
[Round "5"]
[White "Russek,G"]
[Black "Belotti,B"]
[Result "1/2-1/2"]
[WhiteElo "2400"]
[BlackElo "2417"]

1.e4 d6 2.d4 Nf6 3.Nc3 c6 4.Nf3 Bg4 5.Be2 e6 6.O-O d5 7.Ne5 Bxe2 8.Qxe2 Be7
9.exd5 exd5 10.Bg5 O-O 11.Nd1 Ne4 12.Bxe7 Qxe7 13.Ne3 Nd6 14.Rfe1 Nd7 15.Nxd7 Qxd7
16.Qd3 Rfe8 17.c3 Re6 18.Nc2 Rae8 19.f3 g6 20.Rxe6  1/2-1/2

[Event "34th Olympiad Women"]
[Site "Istanbul TUR"]
[Date "2000.11.01"]
[Round "5"]
[White "Burijovich,L"]
[Black "Agrest,S"]
[Result "1/2-1/2"]
[WhiteElo "2182"]
[BlackElo "2210"]

1.e4 d6 2.d4 Nf6 3.Nc3 e5 4.dxe5 dxe5 5.Qxd8+ Kxd8 6.Bc4 Be6 7.Bxe6 fxe6
8.f3 Nc6 9.Be3 Bd6 10.Nh3 Ke7 11.Nf2 h6 12.O-O-O a6 13.Nd3 b5 14.Kb1 Nd7
15.Ne2 a5 16.Rc1 Rhb8 17.c4 bxc4 18.Rxc4 Nb4 19.Nxb4 axb4 20.Nc1 Nb6 21.Bxb6 Rxb6
22.Rd1 Rba6 23.Rd2 h5 24.b3 Ra5 25.Nd3 Rb5 26.Rdc2 Rf8 27.h4 g6 28.Re2 Kd7
29.Rd2 Ke7 30.Rdc2 Ra8 31.Re2 Raa5 32.g3 Rb7 33.g4 Kf7 34.Rec2 Ra8 35.gxh5 gxh5
36.f4 exf4 37.e5 Be7 38.Rxf4+ Ke8 39.Rfc4 Ra5 40.Rg2 Rd5 41.Rg3  1/2-1/2

[Event "34th Olympiad Women"]
[Site "Istanbul TUR"]
[Date "2000.11.02"]
[Round "6"]
[White "Klinova,M"]
[Black "Moser,E"]
[Result "1-0"]
[WhiteElo "2350"]
[BlackElo "2332"]

1.e4 d6 2.d4 Nf6 3.Nc3 e5 4.dxe5 dxe5 5.Qxd8+ Kxd8 6.Bc4 Be6 7.Bxe6 fxe6
8.f3 Bc5 9.Na4 Bd6 10.Be3 Ke7 11.O-O-O b5 12.Nc5 Nbd7 13.Nxd7 Nxd7 14.h4 h6
15.Ne2 Nb6 16.h5 Rhd8 17.Rhf1 Nc4 18.Bf2 Ke8 19.Rd3 a6 20.Rfd1 Be7 21.g3 Bg5+
22.f4 Bf6 23.b3 Nd6 24.fxe5 Bxe5 25.Bd4 Nf7 26.c3 Bxd4 27.cxd4 Ng5 28.Nf4 Rd7
29.d5 Rad8 30.Re1 exd5 31.exd5+ Re7 32.Rxe7+ Kxe7 33.Rc3 Rd7 34.Rc6 a5 35.Ra6 Rd6
36.Rxa5 c6 37.dxc6 Rxc6+ 38.Kb2 Rc5 39.Ra7+ Kf6 40.Ra6+ Kf5 41.Rg6 Rc7 42.Rb6 Rc5
43.Rb7 Kg4 44.Rxg7 Re5 45.Rg6 Kxg3 46.Nd3 Re3 47.Kc3 Kf3 48.Kd4 Ne6+ 49.Kd5 Rxd3+
50.Kxe6 Rd2 51.Rxh6 Rxa2 52.Rg6 Kf4 53.Rf6+ Ke4 54.h6 b4 55.Kf7 Ke5 56.Kg7 Rh2
57.Rg6 Ra2 58.h7  1-0

[Event "34th Olympiad"]
[Site "Istanbul TUR"]
[Date "2000.11.04"]
[Round "7"]
[White "Htun Lynn Kyaw1"]
[Black "Karadeniz,E"]
[Result "1/2-1/2"]
[WhiteElo "2427"]
[BlackElo "2278"]

1.e4 d6 2.d4 Nf6 3.Nc3 e5 4.dxe5 dxe5 5.Qxd8+ Kxd8 6.Bg5 c6 7.Bc4 Ke8 8.f3 Nbd7
9.Nge2 h6 10.Bh4 Bd6 11.a4 a5 12.Nd1 Ke7 13.Ne3 Nb6 14.Bb3 g6 15.Rd1 Bc7
16.Nc1 Be6 17.Bxe6 Kxe6 18.b3 Nfd7 19.Nd3 Bd8 20.Bf2 Be7 21.O-O f6 22.Rd2 Nc5
23.Rfd1 Rh7 24.Nxc5+ Bxc5 25.Ng4 Bxf2+ 26.Kxf2 Rf8 27.Rd6+ Ke7 28.c4 h5 29.Nxe5 fxe5
30.c5 Rf6 31.Rxf6 Kxf6 32.cxb6 Ke7 33.Ke3 Rh8 34.g3 Ra8 35.f4 Ra6 36.fxe5 Rxb6
37.Rd3 g5 38.h4 gxh4 39.gxh4 Rb4 40.Kf4 b5 41.axb5 cxb5 42.Kf5 a4 43.bxa4 bxa4
44.Rg3 Rb3 45.Rg7+ Kf8 46.Ra7 a3 47.e6 Rf3+ 48.Kg5 Re3 49.Kf4 Rh3 50.Ke5 Rxh4
51.Rxa3 Rh1 52.Ra8+ Ke7 53.Ra7+ Ke8 54.e7 Rb1 55.Kf6 Rb6+ 56.Kf5 h4 57.Ra8+ Kxe7
58.Rh8 Rf6+ 59.Ke5 Re6+ 60.Kd4 Rd6+ 61.Ke3 Rd1 62.Rxh4 Ke6  1/2-1/2

[Event "34th Olympiad"]
[Site "Istanbul TUR"]
[Date "2000.11.04"]
[Round "7"]
[White "Saavedra,C"]
[Black "Hsu Li Yang"]
[Result "0-1"]
[WhiteElo "2206"]
[BlackElo "2440"]

1.e4 d6 2.d4 Nf6 3.Nc3 e5 4.Nf3 Nbd7 5.Bc4 Be7 6.O-O O-O 7.a4 c6 8.Qe2 exd4
9.Nxd4 Ne5 10.Bb3 c5 11.Nf5 Bxf5 12.exf5 Qd7 13.Nd5 Rae8 14.Qb5 Qc8 15.c3 a6
16.Qb6 c4 17.Nxe7+ Rxe7 18.Qxd6 Rfe8 19.Bc2 Rd7 20.Qa3 Qc7 21.h3 Neg4 22.hxg4 Nxg4
23.g3 Re2 24.Bf4 Qb6 25.Qb4 Qxb4 26.cxb4 Rxc2 27.Rad1 Rxd1 28.Rxd1 h5 29.Rd2 Rxd2
30.Bxd2 Kh7 31.Kg2 Nh6 32.Kf3 Nxf5 33.Ke4 Nh6 34.f3 f6 35.Be1 g5 36.Kd5 Nf7
37.Bc3 Kg6 38.Ke6 h4 39.gxh4 gxh4 40.Be1 Ng5+ 41.Kd6 Nxf3 42.Bf2 h3 43.Bg3 Kg5
44.Kc7 Kg4  0-1

[Event "34th Olympiad"]
[Site "Istanbul TUR"]
[Date "2000.11.04"]
[Round "7"]
[White "Kallio,H"]
[Black "Komliakov,V"]
[Result "1/2-1/2"]
[WhiteElo "2451"]
[BlackElo "2453"]

1.e4 d6 2.d4 Nf6 3.Nc3 e5 4.Nf3 Nbd7 5.Bc4 Be7 6.O-O O-O 7.Re1 c6 8.Bf1 a6
9.a4 b6 10.Bg5 Bb7 11.Bh4 Re8 12.Bc4 b5 13.axb5 axb5 14.Rxa8 Bxa8 15.Bb3 exd4
16.Nxd4 b4 17.Nb1 g6 18.Nd2 Nc5 19.Bc4 Nfxe4 20.Nxe4 Nxe4 21.Bxe7 Rxe7 22.Bxf7+ Kxf7
23.Rxe4 Rxe4 24.Qf3+ Qf6 25.Qxe4 c5 26.Qxa8 Qxd4 27.Qf3+ Kg7 28.c3 Qd2 29.h4 Qxb2
30.Qe4 Qa1+ 31.Kh2 Qa2 32.cxb4 cxb4 33.Qd4+ Kf7 34.Qxd6 Qc4 35.Qd7+ Kg8  1/2-1/2

[Event "ch-POL Semi-Finals"]
[Site "Polanczyk POL"]
[Date "2000.11.04"]
[Round "1"]
[White "Kuzmicz,K"]
[Black "Cyborowski,L"]
[Result "0-1"]
[WhiteElo "2140"]
[BlackElo "2411"]

1.e4 d6 2.d4 Nf6 3.Nc3 e5 4.Nf3 Nbd7 5.Bc4 Be7 6.O-O O-O 7.Re1 c6 8.a4 b6
9.h3 a6 10.d5 c5 11.Be3 Ne8 12.Bd3 g6 13.Bh6 Ng7 14.g4 Nf6 15.Nd2 Kh8 16.f4 exf4
17.Nc4 Rb8 18.Bxf4 b5 19.axb5 axb5 20.Na5 Bd7 21.e5 dxe5 22.Bxe5 c4 23.Be2 Bc5+
24.Kg2 b4 25.Bxf6 Qxf6 26.Ne4 Qe7 27.Bxc4 Bb6 28.Nb3 f5 29.Nec5 Qd6 30.Nxd7 Qxd7
31.d6 fxg4 32.hxg4 Rf2+ 33.Kh1 Nh5 34.Nd4  0-1

[Event "34th Olympiad Women"]
[Site "Istanbul TUR"]
[Date "2000.11.05"]
[Round "8"]
[White "Ostry,I"]
[Black "Agrest,S"]
[Result "1/2-1/2"]
[WhiteElo "2238"]
[BlackElo "2210"]

1.e4 d6 2.d4 Nf6 3.Nc3 e5 4.Nf3 Nbd7 5.Bc4 Be7 6.O-O O-O 7.h3 c6 8.a4 b6
9.Re1 a6 10.Bg5 Bb7 11.dxe5 Nxe5 12.Bb3 Nxf3+ 13.Qxf3 Nd7 14.Bxe7 Qxe7 15.Rad1 Ne5
16.Qe3 b5 17.axb5 axb5 18.f4 Ng6 19.g3 Rfe8 20.Qf2 b4 21.Na4 Rad8 22.Nb6 Qf6
23.e5 dxe5 24.Nd7 Qf5 25.Nxe5 Nxe5 26.fxe5 Qxf2+ 27.Kxf2 Bc8 28.Rxd8 Rxd8
29.Re4 Bxh3 30.Rxb4 h5 31.Rc4 Be6 32.Rxc6 Bxb3 33.cxb3 Rd2+ 34.Ke3 Rxb2 35.Rb6 g5
36.Kf3 Kg7 37.b4 Rb3+ 38.Kf2 Rb2+  1/2-1/2

[Event "34th Olympiad"]
[Site "Istanbul TUR"]
[Date "2000.11.05"]
[Round "8"]
[White "Zhao Zong Yuan"]
[Black "Rocha,S"]
[Result "1-0"]
[WhiteElo "2341"]
[BlackElo "2374"]

1.e4 d6 2.d4 Nf6 3.Nc3 Nbd7 4.f4 c6 5.Bd3 e5 6.Nf3 Qb6 7.dxe5 dxe5 8.Qe2 Be7
9.fxe5 Ng4 10.e6 fxe6 11.e5 Nc5 12.h3 Nh6 13.Bxh6 Qxb2 14.O-O gxh6 15.Qe3 Bd7
16.Rab1 Qa3 17.Nb5 Qa5 18.Nd6+ Bxd6 19.exd6 Nxd3 20.cxd3 O-O-O 21.Ne5 Rhg8
22.Rb2 b6 23.Nc4 Qa6 24.Rfb1 b5 25.Rb3 Kb8 26.a4 Ka8 27.axb5 cxb5 28.Ra3 Qb7
29.g4 Bc8 30.Nb6+ Kb8 31.Rxb5 Rxd6 32.Nc4 Rc6 33.Qxa7+ Kc7 34.Qa5+ Kb8 35.Rxb7+ Bxb7
36.Qe5+  1-0

[Event "34th Olympiad Women"]
[Site "Istanbul TUR"]
[Date "2000.11.07"]
[Round "10"]
[White "Velcheva,M"]
[Black "Mira,H"]
[Result "1-0"]
[WhiteElo "2302"]
[BlackElo "2118"]

1.e4 d6 2.d4 Nf6 3.Nc3 c6 4.f4 Qa5 5.Bd3 e5 6.Nf3 Nbd7 7.O-O Be7 8.Kh1 O-O
9.Qe1 Qc7 10.Bd2 b5 11.a3 a6 12.dxe5 dxe5 13.fxe5 Nxe5 14.Nxe5 Qxe5 15.Bf4 Qh5
16.e5 Nd5 17.Nxd5 cxd5 18.Qe3 Bf5 19.Rad1 Rac8 20.Bxf5 Qxf5 21.c3 Qe6 22.Rf3 Rc4
23.Qd2 Rd8 24.Rd3 Qf5 25.Bg3 d4 26.cxd4 Bg5 27.Qe2 h5 28.Qf3 Qxf3 29.gxf3 h4
30.f4 hxg3 31.fxg5 gxh2 32.Kxh2 Rc2+ 33.R1d2 Rc1 34.Kg3 Kh7 35.Rc3 Rg1+ 36.Kf4 Rf1+
37.Ke4 Re1+ 38.Kf4 Rf1+ 39.Ke4 Re1+ 40.Re3 Rg1 41.d5 Rxg5 42.d6 Rh5 43.Rc3 Kg8
44.Rc6 Rh4+ 45.Kd5 Rh5 46.Rxa6 f6 47.Re2 fxe5 48.Rxe5 Rh2 49.b4 Rd2+ 50.Kc5 Kf7
51.Kxb5 Kf6 52.Rc5 R8xd6 53.Rxd6+ Rxd6 54.a4 g5 55.a5 g4 56.a6 g3 57.a7  1-0

[Event "34th Olympiad Women"]
[Site "Istanbul TUR"]
[Date "2000.11.07"]
[Round "10"]
[White "Hagarova,Z"]
[Black "Alieva,E"]
[Result "1-0"]
[WhiteElo "2321"]
[BlackElo "2240"]

1.e4 d6 2.d4 Nf6 3.Nc3 c6 4.f3 g6 5.Be3 b5 6.Qd2 Bg7 7.Bh6 Bxh6 8.Qxh6 Nbd7
9.Nh3 Qa5 10.Bd3 Rb8 11.Ng5 c5 12.dxc5 Nxc5 13.O-O Ne6 14.Nxe6 Bxe6 15.Ne2 b4
16.Nf4 Qe5 17.Nxe6 fxe6 18.Qe3 Qc5 19.Qxc5 dxc5 20.Bc4 e5 21.a3 Kf8 22.axb4 Rxb4
23.b3 Rb7 24.Ra5 Nd7 25.Rfa1 Nb6 26.Bd3 Kf7 27.Rxc5 Kf6 28.Rca5 Ra8 29.Kf2 Rc7
30.Ke3 h6 31.h4 e6 32.Ra6 Nc8 33.Bc4 Re7 34.Rc6 Rb8 35.b4 Re8 36.b5 Rb7 37.Bd3 Rd8
38.Ra3 Ne7 39.Rca6 Nc8 40.Rc3 Nb6 41.Rc6 Re8 42.Ra3 Rd8 43.Rac3 Rdd7 44.Be2 Na4
45.Rd3 Rxd3+ 46.Bxd3 Nb6 47.c4 Na4 48.Kd2 Rd7 49.Kc2 g5 50.hxg5+ Kxg5 51.g3 Kf6
52.Bf1 h5 53.Bh3 Rg7 54.Rxe6+ Kf7 55.Ra6 Rxg3 56.Rxa7+ Ke8 57.Rxa4 Rxh3 58.b6 Kd7
59.Ra7+ Kc6 60.c5  1-0

[Event "34th Olympiad Women"]
[Site "Istanbul TUR"]
[Date "2000.11.09"]
[Round "12"]
[White "Shukurova,M"]
[Black "Ingrid,A"]
[Result "1-0"]
[WhiteElo "2255"]
[BlackElo "2127"]

1.e4 d6 2.d4 Nf6 3.Nc3 c6 4.f4 b5 5.a3 g6 6.Nf3 Bg7 7.Bd3 a6 8.O-O O-O 9.Kh1 Bb7
10.e5 dxe5 11.fxe5 Nd5 12.Ne4 Nc7 13.Qe1 Ne6 14.Qh4 f6 15.Bh6 Bc8 16.Bxg7 Kxg7
17.Nf2 f5 18.Nh3 h6 19.Qg3 Qe8 20.c3 f4 21.Qe1 g5 22.Qe4 Rh8 23.g3 fxg3 24.Rg1 g4
25.Qxg4+ Ng5 26.Qxg3 Qh5 27.Nfxg5  1-0

[Event "34th Olympiad Women"]
[Site "Istanbul TUR"]
[Date "2000.11.09"]
[Round "12"]
[White "Mrvova,A"]
[Black "Sheremetieva,M"]
[Result "0-1"]
[WhiteElo "2231"]
[BlackElo "2340"]

1.e4 d6 2.d4 Nf6 3.Nc3 c6 4.Nf3 Bg4 5.Be2 e6 6.d5 cxd5 7.exd5 e5 8.O-O Be7
9.Nd2 Bd7 10.Nc4 O-O 11.f4 exf4 12.Bxf4 b5 13.Ne3 b4 14.Nb5 Ne4 15.Nd4 Bf6
16.Ng4 Bxg4 17.Bxg4 Nd7 18.Kh1 Be5 19.Nc6 Qh4 20.Nxe5 Nxe5 21.Bxe5 dxe5 22.Kg1 Nd6
23.a3 a5 24.axb4 axb4 25.Rxa8 Rxa8 26.Qe2 Qg5 27.c4 bxc3 28.bxc3 Ra4 29.Bh3 g6
30.g3 Rc4 31.Re1 e4 32.Bg2 Qxd5 33.Qe3 Qc5 34.Qxc5 Rxc5 35.Rd1 Rc6 36.Bf1 f5
37.Rc1 Kg7 38.Kf2 Kf6 39.h4 Ke5 40.Ke3 h6 41.Be2 g5 42.hxg5 hxg5 43.Bf1 f4+
44.gxf4+ gxf4+ 45.Kf2 f3 46.Rc2 Kf4 47.c4 e3+ 48.Ke1 Ne4 49.Bd3 Ng3  0-1

[Event "34th Olympiad Women"]
[Site "Istanbul TUR"]
[Date "2000.11.09"]
[Round "12"]
[White "Moncayo Romero,E"]
[Black "Alieva,E"]
[Result "0-1"]
[WhiteElo "2135"]
[BlackElo "2240"]

1.e4 d6 2.d4 Nf6 3.Nc3 c6 4.f3 g6 5.Be3 b5 6.Qd2 Nbd7 7.g4 e5 8.h4 Nb6 9.O-O-O Be7
10.h5 gxh5 11.g5 Nfd7 12.Rxh5 b4 13.Nb1 Qc7 14.Qh2 Nf8 15.dxe5 dxe5 16.f4 Bg4
17.Be2 Bxh5 18.Qxh5 exf4 19.Bd4 Rg8 20.Nf3 Rd8 21.Rg1 Rg6 22.Be5 Bd6 23.Bf6 Rd7
24.Bd3 Bc5 25.Rg2 Be3+ 26.Nbd2 Na4 27.Nh4 Nc5 28.Nxg6 fxg6 29.Qe2 Nxe4 30.Qe1 Nxf6
31.gxf6 Qe5 32.Kb1 Qxf6 33.Nc4 Re7 34.Qxb4 Bb6 35.a4 f3 36.Rd2 Nd7 37.Nd6+ Kf8
38.Ne4 Qe5 39.Rd1 Kg7 40.Rf1 Nc5 41.Nxc5 Bxc5 42.Qg4 f2 43.Qg2 Rb7  0-1

[Event "34th Olympiad"]
[Site "Istanbul TUR"]
[Date "2000.11.09"]
[Round "12"]
[White "Hakki,I"]
[Black "Faraj,Y"]
[Result "1-0"]
[WhiteElo "2429"]
[BlackElo "2265"]

1.e4 d6 2.d4 Nf6 3.Nc3 c6 4.f4 Qa5 5.Bd3 e5 6.Nf3 Bg4 7.Be3 Nbd7 8.Qd2 Be7
9.O-O Bxf3 10.gxf3 Nh5 11.b4 Qxb4 12.Rab1 Qa5 13.Rxb7 Nxf4 14.Nb5 Qxd2 15.Nc7+ Kf8
16.Bxd2 Rc8 17.Bxf4 exf4 18.Rxa7 Bd8 19.Na6 Ke8 20.Rb7 Bb6 21.c3 Ke7 22.Rb1 Ba5
23.R1b3 Ra8 24.e5 Rhd8 25.Ra3 Bb6 26.Bf5 Ra7 27.Rxa7 Bxa7 28.Nb4  1-0

[Event "Chigorin Mem"]
[Site "St Petersburg RUS"]
[Date "2000.11.09"]
[Round "8"]
[White "Yemelin,V"]
[Black "Motylev,A"]
[Result "1-0"]
[WhiteElo "2510"]
[BlackElo "2574"]

1.e4 d6 2.d4 Nf6 3.Nc3 c6 4.Nf3 Bg4 5.h3 Bh5 6.Qe2 e6 7.g4 Bg6 8.h4 h6 9.Bh3 Nbd7
10.g5 Nh5 11.Be3 d5 12.Nd2 hxg5 13.hxg5 Be7 14.O-O-O Bxg5 15.exd5 Bxe3 16.Qxe3 cxd5
17.Bxe6 O-O 18.Bg4 Nhf6 19.Bh5 Bxh5 20.Rdg1 Re8 21.Qg5 Bg6 22.Qg3 Rc8 23.Nf3 Nh5
24.Rxh5 Re2 25.Nxe2 Rxc2+ 26.Kd1 Qe8  1-0

[Event "34th Olympiad Women"]
[Site "Istanbul TUR"]
[Date "2000.11.10"]
[Round "13"]
[White "Berzina,I"]
[Black "Agababean,N"]
[Result "1/2-1/2"]
[WhiteElo "2194"]
[BlackElo "2365"]

1.e4 d6 2.d4 Nf6 3.Nc3 c6 4.h3 b5 5.Bd3 e5 6.Be3 Qc7 7.Nf3 Be7 8.dxe5 dxe5
9.O-O O-O 10.a4 b4 11.Nb1 Nbd7 12.Nbd2 Bb7 13.Qe2 Rfe8 14.a5 Bc5 15.Bc4 Bxe3
16.Qxe3 c5  1/2-1/2

[Event "34th Olympiad"]
[Site "Istanbul TUR"]
[Date "2000.11.12"]
[Round "14"]
[White "Chuah Jin,H"]
[Black "Mbambara,T"]
[Result "1-0"]
[WhiteElo "2180"]
[BlackElo "2122"]

1.e4 d6 2.d4 Nf6 3.Nc3 c6 4.Bd3 e5 5.Nge2 Be7 6.Be3 Nbd7 7.Ng3 Nf8 8.f3 Qb6
9.Na4 Qa5+ 10.c3 b5 11.dxe5 dxe5 12.Nc5 Qb6 13.b4 a5 14.Qe2 Qb8 15.O-O axb4
16.cxb4 g6 17.f4 Ne6 18.Nxe6 Bxe6 19.Qb2 Ng4 20.Bc1 Qd6 21.Qc3 Bd8 22.fxe5 Bb6+
23.Kh1 Qd7 24.Bb2 Nf2+ 25.Rxf2 Bxf2 26.Ne2 O-O 27.Rf1 Rfd8 28.Bc2 Bb6 29.Bc1 Rxa2
30.Bg5 Rxc2 31.Qxc2 Qd3 32.Qxd3 Rxd3 33.Nf4 Rd7 34.Nxe6 fxe6 35.h3 Bc7 36.Bf6 Bb6
37.Rc1 Kf7 38.Rxc6 Rd1+ 39.Kh2 Bg1+ 40.Kg3 Rd3+ 41.Kh4 h6 42.Rc7+ Ke8 43.Rc8+ Kf7
44.Rc7+ Ke8 45.Kg4 Bf2 46.h4 Be1 47.Re7+ Kf8 48.Rxe6 Rg3+ 49.Kf4 Rxg2 50.Rb6 Bxb4
51.Rxb5 Rb2 52.Kf3 Rb3+ 53.Ke2 Kf7 54.Rb7+ Ke6 55.Kd1 Rb2 56.Kc1 Rb3 57.Kc2 Rc3+
58.Kb2 Rc4 59.Kb3 Rxe4 60.Rxb4 Re3+ 61.Kc2 g5 62.hxg5 hxg5 63.Rg4 Ra3 64.Rxg5 Ra2+
65.Kb3 Re2 66.Kc4 Re4+ 67.Kc5 Re1 68.Rg7 Rc1+ 69.Kb6 Rc2 70.Kb7 Rc1 71.Re7+ Kf5
72.Rc7 Rd1 73.Kc8 Ke6 74.Re7+ Kf5 75.Rd7 Rc1+ 76.Kd8 Ra1 77.Ke7 Ra6 78.Kf7 Re6
79.Rd6  1-0

[Event "34th Olympiad Women"]
[Site "Istanbul TUR"]
[Date "2000.11.12"]
[Round "14"]
[White "Khamrakulova,I"]
[Black "Sheremetieva,M"]
[Result "1/2-1/2"]
[WhiteElo "2177"]
[BlackElo "2340"]

1.e4 d6 2.d4 Nf6 3.Nc3 Nbd7 4.Be3 e5 5.Nf3 c6 6.a4 Qa5 7.Bd3 Ng4 8.O-O Nxe3
9.fxe3 Nf6 10.Qd2 Be7 11.Rab1 Qc7 12.b4 O-O 13.Ne2 d5 14.dxe5 Nxe4 15.Qe1 a5
16.b5 Bg4 17.Ned4 c5 18.b6 Qd8 19.Nb5 Qxb6 20.Bxe4 dxe4 21.Nd2 Qg6 22.Nc3 b6
23.Ndxe4 Rab8 24.Qf2 Qe6 25.Qf4 Bh5 26.Rb2 c4 27.Rfb1 Bb4 28.Na2 Ba3 29.Rb5 Bg6
30.Nac3 Rfd8 31.Ng5 Qc6 32.e4 h6 33.Nf3 Bc5+ 34.Kh1 Qd7 35.h3 Rf8 36.Nd5 Qe6
37.Nd2 c3 38.Nxc3 f6 39.exf6 Rbe8 40.Qg3 Qxf6 41.Nd5 Qc6 42.Nxb6 Bxe4 43.Nxe4 Rxe4
44.Qb3+ Kh8 45.Qd5 Qxd5 46.Nxd5 Bd6 47.Rb6 Rd8 48.Nc3 Rc4 49.Rd1 Bc7 50.Rxd8+ Bxd8
51.Rb8 Rd4 52.Nb5 Rd2 53.Kh2 Kh7 54.Kg3 Bf6 55.Ra8 Rxc2 56.Rxa5 h5 57.Ra6 Rb2
58.Kf3 h4 59.Re6 Rb3+ 60.Re3 Rb4 61.Re4 Rb3+ 62.Kf4 Rb2 63.Kf3 Rb3+ 64.Re3 Rb4  1/2-1/2

[Event "8th Young Masters"]
[Site "Portugal POR"]
[Date "2000.11.16"]
[Round "10"]
[White "Costa,FJ"]
[Black "Leonardo,J"]
[Result "0-1"]
[WhiteElo "2113"]
[BlackElo "2301"]

1.e4 d6 2.d4 Nf6 3.Nc3 c6 4.Nf3 Bg4 5.Be2 e6 6.O-O Be7 7.Be3 Nbd7 8.Nd2 Bxe2
9.Qxe2 e5 10.f4 O-O 11.Rad1 Qc7 12.g4 exf4 13.Rxf4 b5 14.g5 Ne8 15.Qh5 g6
16.Qh6 f6 17.Rh4 Rf7 18.Rf1 Bf8  0-1

[Event "Czech Extra League 2000-1"]
[Site "CZE"]
[Date "2000.11.18"]
[Round "1"]
[White "Jakubiec,A"]
[Black "Zurek,M"]
[Result "1-0"]
[WhiteElo "2488"]
[BlackElo "2435"]

1.d4 d6 2.e4 Nf6 3.Nc3 e5 4.f3 c6 5.Be3 Qc7 6.g4 b5 7.Qd2 a6 8.g5 Nfd7 9.f4 exd4
10.Qxd4 Bb7 11.Bg2 h6 12.Nh3 a5 13.Ne2 c5 14.Qd2 Nb6 15.b3 N8d7 16.O-O Be7
17.gxh6 g6 18.Rad1 b4 19.f5 gxf5 20.Ng3 fxe4 21.Nf5 Ne5 22.Bg5 f6 23.Bxf6 Bxf6
24.Nxd6+ Ke7 25.Rxf6 Rag8 26.Qf4 Rxg2+ 27.Kxg2 e3+ 28.Kg3 Nbd7 29.Ng5 Nxf6
30.Qxe5+ Kd7 31.Nb5+  1-0

[Event "Czech Extra League 2000-1"]
[Site "CZE"]
[Date "2000.11.18"]
[Round "1"]
[White "Timoscenko,G"]
[Black "Cicak,S"]
[Result "1/2-1/2"]
[WhiteElo "2529"]
[BlackElo "2543"]

1.e4 d6 2.d4 Nf6 3.Nc3 e5 4.Nf3 Nbd7 5.g3 c6 6.a4 b6 7.Bg2 Ba6 8.b4 Bb7 9.O-O Be7
10.Ba3 O-O 11.Qd2 Re8 12.Rfe1 Bf8 13.b5 Qc7 14.bxc6 Qxc6 15.Nb5 Qc8 16.Nh4 exd4
17.Nf5 Nxe4 18.Rxe4 Bxe4 19.Nbxd6 Bxd6 20.Nxd6 Qc6 21.Nxe4 Rxe4 22.Bb2  1/2-1/2

[Event "Czech Extra League 2000-1"]
[Site "CZE"]
[Date "2000.11.18"]
[Round "1"]
[White "Virostko,P"]
[Black "Pribyl,J"]
[Result "1-0"]
[WhiteElo "2323"]
[BlackElo "2376"]

1.e4 d6 2.d4 Nf6 3.Nc3 e5 4.Nf3 Nbd7 5.Bc4 Be7 6.O-O O-O 7.a4 c6 8.Ba2 b6
9.d5 c5 10.Ne1 a6 11.Bc4 Ne8 12.Nd3 Rb8 13.b4 Bg5 14.Bb2 Nc7 15.b5 Ra8 16.Qe2 Nf6
17.bxa6 Bxa6 18.Nb5 Nfe8 19.f4 exf4 20.Nxf4 Qd7 21.Nh5 f6 22.Ra3 Bxb5 23.axb5 Rxa3
24.Bxa3 g6 25.Nf4 Ng7 26.Bb2 Qe7 27.Nh3 Bh6 28.Qf3 Nge8 29.Nf2 Bg7 30.Nd3 Qd7
31.Nf4 Kh8 32.Qd3 f5 33.Ne6 Nxe6 34.dxe6 Qe7 35.Bxg7+ Nxg7 36.Rd1 Ne8 37.e5 dxe5
38.Qd7 Qh4 39.e7  1-0